Manceps, redemptor, publicanus. Contribución al estudio de los contratistas públicos en Roma.
Guardat en:
| Autor principal: | |
|---|---|
| Format: | Llibre |
| Idioma: | espanyol |
| Publicat: |
Santander, España:
Universidad de Cantabria,
1999.
|
| Matèries: | |
| Etiquetes: |
Afegir etiqueta
Sense etiquetes, Sigues el primer a etiquetar aquest registre!
|
MARC
| LEADER | 00000nam a2200000 a 4500 | ||
|---|---|---|---|
| 001 | UCO5180 | ||
| 003 | CL-VaPUC | ||
| 005 | 20221216074157.0 | ||
| 008 | 000825e19990000SP |||||||||||||||||spa|d | ||
| 999 | |c 291128 |d 291126 | ||
| 020 | |a 84-8102-237-3 | ||
| 040 | |c Pontificia Universidad Católica de Valparaíso | ||
| 082 | 0 | 4 | |a 340.54 MAT 1999 |2 21 |
| 100 | 1 | |a Mateo, Antonio |e autor |9 449951 | |
| 245 | 1 | 0 | |a Manceps, redemptor, publicanus. |b Contribución al estudio de los contratistas públicos en Roma. |
| 260 | |a Santander, España: |b Universidad de Cantabria, |c 1999. | ||
| 300 | |a 206 páginas. | ||
| 500 | |a c.2 Donación Familia Prof. Alejandro Guzmán Brito. | ||
| 583 | |a last modification |c 20000825 00:00:00 |k Rodrigo Vera | ||
| 650 | 0 | |a Derecho romano |9 255930 | |
| 650 | 0 | |a Administración del Estado |9 391238 | |
| 650 | 0 | |a Contratos administrativos |9 256130 | |
| 942 | |c BK |2 ddc |n 0 | ||
| 945 | |d 20000825 00:00:00 |a cmena | ||
| 952 | |0 0 |1 0 |4 0 |6 340_540000000000000_MAT_1999 |7 0 |8 DER_ROM |9 340820 |a BIBDER |b BIBDER |d 2019-11-20 |i 3604594 |l 3 |o 340.54 MAT 1999 |p 3604594 |r 2023-11-27 |s 2023-11-22 |w 2019-11-20 |x Ubicación 4to piso |y BK |z Este recurso debe solicitarse con anticipación |k DER | ||